| 000 | 00376nam a2200157Ia 4500 | ||
|---|---|---|---|
| 008 | 210210b1930 xxu||||| |||| 00| 0 eng d | ||
| 041 | _aeng | ||
| 082 | _a825/338 | ||
| 100 | _aGARDNER (E G) | ||
| 245 | _aItalian literature | ||
| 260 |
_aLondon _bErnest Benn Limited _c1930 |
||
| 650 | _aliterature | ||
| 650 | _aItalian | ||
| 690 | _aEnglish Criticism | ||
| 906 | _a014654 | ||
| 999 |
_c133869 _d133869 |
||